00621nam a2200169Ia 4500008004100000041000800041082001700049100001800066245004800084260003300132300000800165365001600173700004700189906001900236999001900255952017700274230718s9999 xx 000 0 und d aeng a621.395bABR aAbramovici M. aDigital Systems Testing And Testable Design c2006bJaico Publishing House a652 cRs.b300.00 aAbramovici M., Breuer M.A. & Friedman A.D. d3354cETC b60 c315473d315473 00104070aCCEPbCCEPd2006-11-15ePritam BookfETC g240.00i3354/15.11.06l1o621.395pCCEP-BK-26680r2025-05-16 00:00:00s2025-03-10t60v300.00w2006-11-15yBKz026680